MARC details
| 000 -LEADER |
| fixed length control field |
01199 a2200361 4500 |
| 001 - CONTROL NUMBER |
| control field |
60550 |
| 003 - CONTROL NUMBER IDENTIFIER |
| control field |
TR-AnTOB |
| 005 - DATE AND TIME OF LATEST TRANSACTION |
| control field |
20211124083800.0 |
| 008 - FIXED-LENGTH DATA ELEMENTS--GENERAL INFORMATION |
| fixed length control field |
070417s2006 tu 00000 tur |
| 020 ## - INTERNATIONAL STANDARD BOOK NUMBER |
| International Standard Book Number |
97539550 |
| 040 ## - CATALOGING SOURCE |
| Original cataloging agency |
TR-AnTOB |
| Transcribing agency |
TR-AnTOB |
| Language of cataloging |
eng |
| 041 ## - LANGUAGE CODE |
| Language code of text/sound track or separate title |
Türkçe |
| 050 #0 - LIBRARY OF CONGRESS CALL NUMBER |
| Classification number |
HC79.I55 |
| Item number |
B55 2006 |
| 090 ## - LOCALLY ASSIGNED LC-TYPE CALL NUMBER (OCLC); LOCAL CALL NUMBER (RLIN) |
| Classification number (OCLC) (R) ; Classification number, CALL (RLIN) (NR) |
HC79.I55 B55 2006 |
| 245 #0 - TITLE STATEMENT |
| Title |
Bilgi toplumu stratejisi (2006-2010) / |
| Statement of responsibility, etc. |
Devlet Planlama Teşkilatı. |
| 264 #1 - PRODUCTION, PUBLICATION, DISTRIBUTION, MANUFACTURE, AND COPYRIGHT NOTICE |
| Place of production, publication, distribution, manufacture |
Ankara : |
| Name of producer, publisher, distributor, manufacturer |
DPT, |
| Date of production, publication, distribution, manufacture, or copyright notice |
2006. |
| 300 ## - PHYSICAL DESCRIPTION |
| Extent |
v, 58 p. ; |
| Dimensions |
30 cm.+ |
| Accompanying material |
1 CD-ROM. |
| 336 ## - CONTENT TYPE |
| Source |
rdacontent |
| Content type term |
text |
| Content type code |
txt |
| 337 ## - MEDIA TYPE |
| Source |
rdamedia |
| Media type term |
unmediated |
| Media type code |
n |
| 338 ## - CARRIER TYPE |
| Source |
rdacarrier |
| Carrier type term |
volume |
| Carrier type code |
nc |
| 490 0# - SERIES STATEMENT |
| Series statement |
T.C. Başbakanlık Devlet Planlama Teşkilatı ; |
| Volume/sequential designation |
DPT:2699 |
| 650 #0 - SUBJECT ADDED ENTRY--TOPICAL TERM |
| Topical term or geographic name entry element |
Information technology |
| General subdivision |
Social aspects |
| 9 (RLIN) |
2188 |
|
| Topical term or geographic name entry element |
Information technology |
| General subdivision |
Economic aspects |
| Geographic subdivision |
Ireland |
| 9 (RLIN) |
22977 |
|
| Topical term or geographic name entry element |
Bilişim teknolojisi |
| General subdivision |
Sosyal yönleri |
| Source of heading or term |
etuturkob |
| 9 (RLIN) |
7959 |
|
| Topical term or geographic name entry element |
Bilgi teknolojisi |
| General subdivision |
Ekonomik yönleri |
| Source of heading or term |
etuturkob |
| 9 (RLIN) |
94227 |
|
| Topical term or geographic name entry element |
Bilgi toplumu |
| 9 (RLIN) |
125975 |
|
| Topical term or geographic name entry element |
Information society |
| 9 (RLIN) |
2187 |
| 710 22 - ADDED ENTRY--CORPORATE NAME |
| Corporate name or jurisdiction name as entry element |
Devlet Planlama Teşkilatı (Turkey) |
| 9 (RLIN) |
131299 |
| 901 ## - LOCAL DATA ELEMENT A, LDA (RLIN) |
| a |
0018525, 0024044 |
| 902 ## - LOCAL DATA ELEMENT B, LDB (RLIN) |
| a |
bs |
| 942 ## - ADDED ENTRY ELEMENTS (KOHA) |
| Koha item type |
Book |
| Source of classification or shelving scheme |
Library of Congress Classification |